[Event "4NCL Online Division 3"]
[Site "online"]
[Date "2020.10.20"]
[Round "5.51"]
[White "Lukosius, Rolandas"]
[Black "Thompson, Peter"]
[Result "1-0"]
[WhiteElo "2125"]
[BlackElo "1847"]
[PlyCount "103"]
[EventDate "2020.10.20"]
[WhiteTeam "Wessex Some Stars B"]
[BlackTeam "Preston South End"]

1. d4 f5 2. c4 Nf6 3. Nc3 e6 4. Nf3 Be7 5. Bf4 O-O 6. e3 b6 7. Be2 Bb7 8. h3 d6
9. O-O Ne4 10. Nd2 Nxc3 11. bxc3 Nd7 12. Bf3 Bxf3 13. Nxf3 g5 14. Bh2 Qe8 15.
Qa4 Bf6 16. Qc6 Rc8 17. Rfe1 e5 18. a4 a5 19. Nd2 Kh8 20. Nb3 Qf7 21. Rab1 g4
22. c5 gxh3 23. cxd6 Rg8 24. g3 f4 25. exf4 exf4 26. dxc7 Bh4 27. Qe6 Qxe6 28.
Rxe6 fxg3 29. fxg3 Bxg3 30. Bxg3 Rxg3+ 31. Kh2 Rxc3 32. d5 R8xc7 33. Nd4 Rd3
34. d6 Rc8 35. Nf5 Nf8 36. Rf6 Nd7 37. Rf7 Ne5 38. Re7 Ng4+ 39. Kg1 h2+ 40. Kh1
Rdc3 41. d7 Rc1+ 42. Re1 Nf2+ 43. Kxh2 Ng4+ 44. Kg1 Rg8 45. Rbxc1 Ne5+ 46. Kf1
Nxd7 47. Rc7 Nf6 48. Ree7 h5 49. Rf7 Rg6 50. Rc8+ Ng8 51. Ne7 Rg4 52. Rff8 1-0

[Event "4NCL Online Division 3"]
[Site "online"]
[Date "2020.10.20"]
[Round "5.52"]
[White "Pennington, Geoffrey"]
[Black "Anderson, Peter W"]
[Result "0-1"]
[WhiteElo "1765"]
[BlackElo "2050"]
[PlyCount "72"]
[EventDate "2020.10.20"]
[WhiteTeam "Preston South End"]
[BlackTeam "Wessex Some Stars B"]

1. e4 c6 2. d3 d5 3. Nd2 e5 4. Ngf3 Bd6 5. g3 Nf6 6. Bg2 O-O 7. O-O Qc7 8. Qe2
Re8 9. c4 Be6 10. Ng5 Bg4 11. f3 Bh5 12. Nb3 dxc4 13. dxc4 Nbd7 14. Be3 a5 15.
Nd2 Nc5 16. g4 Bg6 17. h4 h6 18. Nh3 Ne6 19. Rfd1 Nd4 20. Bxd4 exd4 21. Nf1 h5
22. g5 Nd7 23. Kh1 c5 24. Qf2 Ne5 25. Nf4 Ng4 26. fxg4 Bxf4 27. gxh5 Bxh5 28.
Bf3 Bg6 29. Re1 Qe5 30. Rad1 a4 31. Kg2 Rab8 32. a3 b5 33. cxb5 Rxb5 34. Re2
Reb8 35. Rb1 d3 36. Ree1 Rxb2 0-1

[Event "4NCL Online Division 3"]
[Site "online"]
[Date "2020.10.20"]
[Round "5.53"]
[White "Pentakota, Rajasekhar"]
[Black "Tuke, David"]
[Result "0-1"]
[WhiteElo "1997"]
[BlackElo "1630"]
[PlyCount "64"]
[EventDate "2020.10.20"]
[WhiteTeam "Wessex Some Stars B"]
[BlackTeam "Preston South End"]

1. e4 e6 2. d4 d5 3. exd5 exd5 4. Nf3 Nf6 5. Bd3 Bd6 6. O-O O-O 7. h3 h6 8. c4
dxc4 9. Bxc4 c6 10. a4 a5 11. Nc3 Nbd7 12. Re1 Nb6 13. Bb3 Bb4 14. Bd2 Nbd5 15.
Nxd5 Nxd5 16. Ne5 Bxd2 17. Qxd2 Be6 18. Bc4 Nc7 19. Bxe6 Nxe6 20. Rad1 Qd5 21.
Nf3 Rfd8 22. Re5 Qb3 23. Qd3 Qxa4 24. d5 cxd5 25. Rxd5 Rxd5 26. Qxd5 Rd8 27.
Qxd8+ Nxd8 28. Rxd8+ Kh7 29. Rd2 Qb4 30. g3 b5 31. Kf1 a4 32. Ke2 Qe4+ 0-1

[Event "4NCL Online Division 3"]
[Site "online"]
[Date "2020.10.20"]
[Round "5.54"]
[White "De Santos, Andrew"]
[Black "Weatherlake, John P"]
[Result "0-1"]
[WhiteElo "1546"]
[BlackElo "1975"]
[PlyCount "80"]
[EventDate "2020.10.20"]
[WhiteTeam "Preston South End"]
[BlackTeam "Wessex Some Stars B"]

1. d4 d6 2. Nf3 g6 3. g3 Bg7 4. Bg2 Nc6 5. O-O e5 6. dxe5 Nxe5 7. Nxe5 Bxe5 8.
c3 Ne7 9. Bg5 h6 10. Bxe7 Qxe7 11. Qb3 c6 12. Nd2 O-O 13. Nf3 Bg7 14. Rfe1 Qc7
15. Rad1 Be6 16. Qc2 Rad8 17. a3 Qa5 18. Nd4 Bg4 19. h3 Bc8 20. e3 Qh5 21. Kh2
c5 22. Ne2 g5 23. f3 Rfe8 24. Ng1 Re7 25. e4 Be5 26. Rd2 Bxg3+ 27. Kxg3 Qh4+
28. Kh2 Qxe1 29. Ne2 Qh4 30. Ng3 Qf4 31. Rd1 h5 32. Qd2 Qe5 33. Qd5 h4 34. Qxe5
Rxe5 35. Ne2 f5 36. Nc1 d5 37. Nb3 b6 38. exf5 Bxf5 39. Nd2 Re2 40. Nc4 Bc2 0-1

[Event "4NCL Online Division 3"]
[Site "online"]
[Date "2020.10.20"]
[Round "5.61"]
[White "Jenkins, John"]
[Black "Hulme, David I"]
[Result "1-0"]
[WhiteElo "2042"]
[BlackElo "1866"]
[PlyCount "77"]
[EventDate "2020.10.20"]
[WhiteTeam "Stroud Oldies"]
[BlackTeam "Crewe AOL"]

1. d4 e6 2. c4 d5 3. Nc3 Bb4 4. Qa4+ Nc6 5. Nf3 Bd7 6. Qc2 Nf6 7. e3 O-O 8. Bd3
Ne7 9. O-O Bxc3 10. bxc3 Ng6 11. Ne5 c6 12. f4 Qc7 13. Ba3 Rfe8 14. Rf3 Ne4 15.
Bxe4 dxe4 16. Qxe4 f5 17. Qc2 Nxe5 18. fxe5 Bc8 19. e4 g6 20. Raf1 Qg7 21. h4
Kh8 22. Rg3 Rg8 23. Rg5 Bd7 24. Bd6 Qh6 25. Qf2 Rg7 26. Qg3 Rag8 27. Ba3 Rf7
28. d5 b6 29. exf5 Rxf5 30. Rfxf5 exf5 31. e6 Be8 32. Bd6 Rf8 33. Be5+ Kg8 34.
d6 f4 35. Bxf4 Qg7 36. Be5 Qb7 37. h5 c5 38. hxg6 h6 39. Qh4 1-0

[Event "4NCL Online Division 3"]
[Site "online"]
[Date "2020.10.20"]
[Round "5.62"]
[White "Lockett, Karl"]
[Black "Brown, Graham K"]
[Result "1/2-1/2"]
[WhiteElo "1892"]
[BlackElo "1795"]
[PlyCount "187"]
[EventDate "2020.10.20"]
[WhiteTeam "Crewe AOL"]
[BlackTeam "Stroud Oldies"]

1. Nf3 d6 2. c4 g6 3. Nc3 Bg7 4. g3 b6 5. Bg2 Bb7 6. O-O Nc6 7. d3 Nf6 8. e4
O-O 9. Ne1 e5 10. Nc2 Bc8 11. Ne3 Nd4 12. b3 Be6 13. Bb2 Nd7 14. a3 Rb8 15. b4
f5 16. exf5 Nxf5 17. Ncd5 Nf6 18. Qd2 Qd7 19. Nxf6+ Bxf6 20. Nd5 Bg7 21. b5 Ne7
22. Rac1 Rf7 23. Nb4 Bh3 24. Nc6 Bxg2 25. Nxe7+ Qxe7 26. Kxg2 Rbf8 27. Rce1 Rf5
28. a4 Qe6 29. Re4 Rh5 30. h4 Rhf5 31. Qe2 Qc8 32. d4 exd4 33. Bxd4 Bxd4 34.
Rxd4 Re5 35. Qd3 Qe6 36. Rd5 Re2 37. h5 Qe4+ 38. Kg1 Rf3 39. Qxe4 Rxe4 40. hxg6
hxg6 41. Rfd1 Re2 42. R5d2 Rfxf2 43. Rxe2 Rxe2 44. Rd4 Kf7 45. Rf4+ Kg7 46. Rf2
Re1+ 47. Rf1 Rxf1+ 48. Kxf1 Kf6 49. Ke2 Ke5 50. Kd3 g5 51. Ke3 g4 52. Kd3 d5
53. cxd5 Kxd5 54. Ke3 Ke5 55. Kd3 c5 56. bxc6 Kd6 57. c7 Kxc7 58. Ke4 a5 59.
Kd4 b5 60. axb5 Kb6 61. Kc4 a4 62. Kb4 a3 63. Kxa3 Kxb5 64. Kb3 Kc5 65. Kc3 Kd5
66. Kd3 Ke5 67. Ke3 Kf5 68. Kd4 Kg5 69. Ke5 Kh5 70. Kf5 Kh6 71. Kxg4 Kg6 72.
Kf4 Kf6 73. Ke4 Kg5 74. Kf3 Kf5 75. g4+ Kg5 76. Kg3 Kg6 77. Kg2 Kg5 78. Kf3 Kg6
79. Kf4 Kf6 80. g5+ Kg6 81. Kg4 Kg7 82. Kf3 Kg6 83. Kf4 Kg7 84. Kf5 Kf7 85. g6+
Kg7 86. Kg5 Kg8 87. Kf6 Kf8 88. Kf5 Kg7 89. Kg5 Kg8 90. Kg4 Kg7 91. Kf5 Kg8 92.
Kf6 Kf8 93. g7+ Kg8 94. Kg6 1/2-1/2

[Event "4NCL Online Division 3"]
[Site "online"]
[Date "2020.10.20"]
[Round "5.63"]
[White "Walker, Adrian"]
[Black "Renegade, Richard"]
[Result "0-1"]
[WhiteElo "1671"]
[BlackElo "1795"]
[PlyCount "84"]
[EventDate "2020.10.20"]
[WhiteTeam "Stroud Oldies"]
[BlackTeam "Crewe AOL"]

1. e4 Nc6 2. Nf3 e5 3. Bc4 Nf6 4. d3 Na5 5. Nxe5 Nxc4 6. Nxc4 b5 7. Ne3 Bb4+ 8.
c3 Ba5 9. Nf5 O-O 10. Bg5 h6 11. Bh4 d6 12. Qf3 Re8 13. Nxh6+ Kf8 14. O-O c5
15. e5 Rxe5 16. Nxf7 Bg4 17. Qxg4 Nxg4 18. Nxd8 Bxd8 19. Bg3 Re6 20. Nd2 Bf6
21. Ne4 Be5 22. h3 Bxg3 23. fxg3+ Nf6 24. Rf3 Ke7 25. Nxf6 gxf6 26. Raf1 Rf8
27. Kf2 Kf7 28. Re3 Rg8 29. g4 Rxe3 30. Kxe3 Re8+ 31. Kf2 Kg6 32. Re1 Rb8 33.
Re7 a5 34. Kf3 b4 35. Kf4 bxc3 36. h4 Rb4+ 37. Kf3 cxb2 38. g3 b1=Q 39. h5+ Kh6
40. g5+ Kxg5 41. Rg7+ Kf5 42. g4+ Ke6 0-1

[Event "4NCL Online Division 3"]
[Site "online"]
[Date "2020.10.20"]
[Round "5.64"]
[White "Gardiner, Harry"]
[Black "Haynes, Chris R"]
[Result "0-1"]
[WhiteElo "1847"]
[BlackElo "1750"]
[PlyCount "23"]
[EventDate "2020.10.20"]
[WhiteTeam "Crewe AOL"]
[BlackTeam "Stroud Oldies"]

1. d4 Nf6 2. c4 g6 3. h4 Bg7 4. Nc3 d5 5. cxd5 Nxd5 6. h5 Nxc3 7. bxc3 c5 8. e4
cxd4 9. cxd4 Qxd4 10. Bd3 Qxa1 11. hxg6 hxg6 12. Bc4 0-1

[Event "4NCL Online Division 3"]
[Site "online"]
[Date "2020.10.20"]
[Round "5.71"]
[White "Merriman, James"]
[Black "Pal, Rohan"]
[Result "0-1"]
[WhiteElo "2005"]
[BlackElo "1780"]
[PlyCount "76"]
[EventDate "2020.10.20"]
[WhiteTeam "Kent KJCA Kestrels C"]
[BlackTeam "Warwickshire Bears A"]

1. d4 Nf6 2. c4 e6 3. Nc3 d5 4. cxd5 exd5 5. Bg5 c6 6. e3 Be7 7. Bd3 O-O 8. Qc2
Nbd7 9. Nf3 Re8 10. O-O Nf8 11. Ne5 Ng4 12. Bxe7 Qxe7 13. Nxg4 Bxg4 14. Rfe1
Qd7 15. f3 Be6 16. Rad1 f5 17. Qf2 Rad8 18. Bc2 Qf7 19. Ne2 Ng6 20. h4 Bc8 21.
h5 Nf8 22. Nf4 g5 23. hxg6 hxg6 24. Nd3 Nd7 25. f4 Kg7 26. Ne5 Nxe5 27. fxe5
Rh8 28. Qg3 Rh5 29. Kf2 Rdh8 30. Rf1 Qe7 31. Ke2 Rg5 32. Qf3 f4 33. exf4 Bg4
34. fxg5 Qxg5 35. Rf2 Rf8 36. Rdf1 c5 37. Ke1 Bxf3 38. gxf3 Qc1+ 0-1

[Event "4NCL Online Division 3"]
[Site "online"]
[Date "2020.10.20"]
[Round "5.72"]
[White "Chen, Daniel Xingyu"]
[Black "Ratnesan, Rajeiv"]
[Result "0-1"]
[WhiteElo "1825"]
[BlackElo "1900"]
[PlyCount "88"]
[EventDate "2020.10.20"]
[WhiteTeam "Warwickshire Bears A"]
[BlackTeam "Kent KJCA Kestrels C"]

1. e4 b6 2. Nc3 Bb7 3. d4 e6 4. f4 f5 5. e5 Bb4 6. Nf3 Bxc3+ 7. bxc3 Ne7 8. Bc4
Nbc6 9. O-O Ng6 10. Bb3 Qe7 11. Ng5 O-O-O 12. d5 Na5 13. dxe6 Nxb3 14. axb3
dxe6 15. Qe2 Kb8 16. Qc4 Nf8 17. Ba3 c5 18. b4 Bd5 19. Qa6 cxb4 20. Bxb4 Qb7
21. Qxb7+ Kxb7 22. Nf7 Ng6 23. Nxh8 Rxh8 24. Rfd1 Nxf4 25. c4 Bc6 26. Rd6 Re8
27. g3 Nh3+ 28. Kf1 Ng5 29. c5 Nf3 30. cxb6 axb6 31. h4 Nxe5 32. Re1 Be4 33.
Bc3 Nf3 34. Rb1 Bc6 35. Ba5 b5 36. c4 e5 37. cxb5 Be4 38. Rd7+ Kb8 39. Rc1 Rc8
40. Bc7+ Ka8 41. Ra1+ Kb7 42. Bxe5+ Kb6 43. Rd6+ Kxb5 44. Rb1+ Bxb1 0-1

[Event "4NCL Online Division 3"]
[Site "online"]
[Date "2020.10.20"]
[Round "5.73"]
[White "Verma, Shlok"]
[Black "Dicen, Elis Denele"]
[Result "1-0"]
[WhiteElo "1945"]
[BlackElo "1810"]
[PlyCount "111"]
[EventDate "2020.10.20"]
[WhiteTeam "Kent KJCA Kestrels C"]
[BlackTeam "Warwickshire Bears A"]

1. d4 e6 2. c4 d5 3. Nf3 Nf6 4. Nc3 Be7 5. Bg5 O-O 6. e3 Nbd7 7. Bd3 c6 8. O-O
Re8 9. cxd5 exd5 10. Qc2 Nf8 11. Ne5 Ng4 12. Bf4 Nxe5 13. Bxe5 Bf6 14. Bg3 Be6
15. Ne2 Rc8 16. b4 Qe7 17. a3 h6 18. Nf4 Nd7 19. Nxe6 fxe6 20. f4 Nb6 21. Rab1
a6 22. Qe2 Qf7 23. Rfc1 Bd8 24. Qg4 Rf8 25. Rf1 h5 26. Qe2 g6 27. Rbe1 Bf6 28.
h3 Kg7 29. Kh1 Rh8 30. Bf2 Rcf8 31. Qc2 Be7 32. Bg1 Bd6 33. Bh2 Bc7 34. a4 Bb8
35. a5 Nd7 36. Qe2 Nf6 37. e4 Re8 38. e5 Nd7 39. Rf3 Rh6 40. Qc2 Bc7 41. Rg3
Nf8 42. Rf1 Kh8 43. Qd2 Kh7 44. Qc2 Kh8 45. Rgf3 Qg7 46. g4 hxg4 47. hxg4 Qh7
48. f5 Bb8 49. g5 Rh5 50. fxg6 Qg8 51. Qe2 Rh4 52. Qf2 Rh5 53. Rxf8 Rxf8 54.
Qxf8 Rxg5 55. Qh6+ Qh7 56. Rf8# 1-0

[Event "4NCL Online Division 3"]
[Site "online"]
[Date "2020.10.20"]
[Round "5.74"]
[White "Wong, Tristan"]
[Black "Jamroz, Viktor"]
[Result "0-1"]
[WhiteElo "1630"]
[BlackElo "1899"]
[PlyCount "46"]
[EventDate "2020.10.20"]
[WhiteTeam "Warwickshire Bears A"]
[BlackTeam "Kent KJCA Kestrels C"]

1. d4 Nf6 2. Nc3 g6 3. Bf4 Bg7 4. e4 d6 5. h4 Nbd7 6. Qf3 e5 7. dxe5 Nxe5 8.
Qe2 Nc6 9. O-O-O Be6 10. Bg5 h6 11. Bxf6 Qxf6 12. Kb1 a6 13. Nf3 b5 14. e5 Nxe5
15. Nxe5 Qxe5 16. Qf3 Rb8 17. Rd3 Kd7 18. Be2 b4 19. Nd1 Qa5 20. a3 h5 21. Re3
Rhf8 22. Qe4 bxa3 23. Rxa3 Qxa3 0-1

[Event "4NCL Online Division 3"]
[Site "online"]
[Date "2020.10.20"]
[Round "5.91"]
[White "De Jonge, Henk"]
[Black "Davies, Neil"]
[Result "0-1"]
[WhiteElo "1945"]
[BlackElo "1930"]
[PlyCount "72"]
[EventDate "2020.10.20"]
[WhiteTeam "Cork"]
[BlackTeam "Mushrooms 2"]

1. d4 Nf6 2. c4 c5 3. d5 e5 4. Nc3 d6 5. e4 Be7 6. f3 Nbd7 7. Be3 O-O 8. Qd2 a6
9. a4 Ne8 10. Bd3 g6 11. O-O-O b5 12. cxb5 Nc7 13. Kc2 axb5 14. axb5 Nb6 15. b3
Bd7 16. Rb1 f5 17. g3 fxe4 18. fxe4 Qe8 19. Qe2 Ra5 20. b4 Ra7 21. bxc5 dxc5
22. h3 Rb7 23. Nf3 c4 24. Nxe5 cxd3+ 25. Qxd3 Bf6 26. Nc6 Bxc3 27. Kxc3 Rf3 28.
Kd2 Rxg3 29. h4 Rg2+ 30. Kc3 Na4+ 31. Kd4 Nb2 32. Qf1 Nxb5+ 33. Kc5 Rc2+ 34.
Kb4 Nd4+ 35. Ka5 Qa8+ 36. Qa6 Nc4+ 0-1

[Event "4NCL Online Division 3"]
[Site "online"]
[Date "2020.10.20"]
[Round "5.92"]
[White "Hortin, Matthew J"]
[Black "Lawrence, Simon"]
[Result "1/2-1/2"]
[WhiteElo "1930"]
[BlackElo "1772"]
[PlyCount "59"]
[EventDate "2020.10.20"]
[WhiteTeam "Mushrooms 2"]
[BlackTeam "Cork"]

1. c4 Nf6 2. Nc3 c5 3. Nf3 Nc6 4. g3 g6 5. Bg2 Bg7 6. O-O O-O 7. d4 cxd4 8.
Nxd4 Nxd4 9. Qxd4 d6 10. Qd3 Rb8 11. b3 b6 12. Bb2 Bb7 13. Rfd1 Bxg2 14. Kxg2
Qc7 15. Rac1 Qb7+ 16. Kg1 Rbd8 17. Rc2 Rfe8 18. Nd5 Nxd5 19. Qxd5 Qxd5 20. Rxd5
Bxb2 21. Rxb2 e6 22. Rd3 d5 23. cxd5 Rxd5 24. Rxd5 exd5 25. Rd2 Rd8 26. e4 Kf8
27. exd5 Ke7 28. Kf1 Kd6 29. Ke2 Re8+ 30. Kd3 1/2-1/2

[Event "4NCL Online Division 3"]
[Site "online"]
[Date "2020.10.20"]
[Round "5.93"]
[White "Ranade, Akshay"]
[Black "Rydahl, Johan"]
[Result "1-0"]
[WhiteElo "1192"]
[BlackElo "1922"]
[PlyCount "73"]
[EventDate "2020.10.20"]
[WhiteTeam "Cork"]
[BlackTeam "Mushrooms 2"]

1. c4 b6 2. d4 Bb7 3. Nc3 e6 4. Nf3 Nf6 5. g3 Bb4 6. Bg2 O-O 7. O-O c5 8. Bf4
cxd4 9. Nb5 Ne8 10. a3 Be7 11. Qxd4 Nc6 12. Qd3 a6 13. Nc3 d6 14. Rfd1 e5 15.
Be3 Nf6 16. Ng5 h6 17. Nge4 Ne8 18. Nd5 f5 19. Nxe7+ Qxe7 20. Nxd6 Rd8 21. Bd5+
Kh8 22. Nxf5 Qf6 23. Bxb6 Rd7 24. e4 Nc7 25. Qc2 Nxd5 26. cxd5 Ne7 27. Nxe7
Rxe7 28. Bc5 Rc7 29. b4 Rfc8 30. Qe2 Rf7 31. d6 Rd7 32. Qg4 Qf7 33. Rd3 Rf8 34.
Rc1 h5 35. Qg5 Bxe4 36. Rdc3 g6 37. Qxe5+ 1-0

[Event "4NCL Online Division 3"]
[Site "online"]
[Date "2020.10.20"]
[Round "5.94"]
[White "Joslin, Tim"]
[Black "Hamilton, Stewart"]
[Result "0-1"]
[WhiteElo "1810"]
[BlackElo "1200"]
[PlyCount "96"]
[EventDate "2020.10.20"]
[WhiteTeam "Mushrooms 2"]
[BlackTeam "Cork"]

1. e4 e5 2. Nf3 Nc6 3. Bb5 a6 4. Ba4 b5 5. Bb3 Bc5 6. c3 h6 7. O-O d6 8. d4 Bb6
9. a4 b4 10. h3 bxc3 11. bxc3 a5 12. Na3 Nf6 13. Re1 Bb7 14. Nc4 exd4 15. cxd4
O-O 16. Bb2 Nb4 17. e5 Nfd5 18. exd6 cxd6 19. Nh2 Nf4 20. Ne3 Qg5 21. Qg4 Ba6
22. Nf3 Qxg4 23. hxg4 Nbd3 24. Reb1 Ne2+ 25. Kh2 Nef4 26. Ba3 Bc7 27. g3 Ng6
28. Nd5 Rfc8 29. Kg2 Bb7 30. Bc4 Bxd5 31. Bxd5 Rab8 32. Rd1 Nb4 33. g5 Nxd5 34.
gxh6 gxh6 35. Rac1 h5 36. Rc6 h4 37. gxh4 Ndf4+ 38. Kh2 d5 39. Rdc1 Ne2+ 40.
Rxc7 Nxc1 41. Rxc8+ Rxc8 42. h5 Nf4 43. Ne5 Rc2 44. Kg3 Nxh5+ 45. Kh4 Nf6 46.
Kg5 Ne4+ 47. Kf5 Rxf2+ 48. Kg4 Ne2 0-1

[Event "4NCL Online Division 3"]
[Site "online"]
[Date "2020.10.20"]
[Round "5.101"]
[White "Vidruska, Renate"]
[Black "Khoury, Theo"]
[Result "1-0"]
[WhiteElo "1998"]
[BlackElo "1832"]
[PlyCount "105"]
[EventDate "2020.10.20"]
[WhiteTeam "Catford Cosmonauts 2"]
[BlackTeam "CSC 4"]

1. e4 c5 2. Nf3 d6 3. d4 cxd4 4. Nxd4 Nf6 5. Nc3 a6 6. h3 e6 7. g4 d5 8. Nde2
Nxe4 9. Nxe4 dxe4 10. Qxd8+ Kxd8 11. Bf4 Nc6 12. O-O-O+ Ke8 13. Nc3 b5 14. Nxe4
Bb7 15. Bg2 Rd8 16. Bd6 Be7 17. Bxe7 Kxe7 18. Nc5 Ba8 19. Nxa6 Ne5 20. Rxd8
Rxd8 21. Bxa8 Rxa8 22. Nb4 Ra4 23. a3 Nc4 24. Rd1 Ra8 25. Nc6+ Kf6 26. Nd4 Rb8
27. f4 g5 28. Rf1 gxf4 29. Rxf4+ Ke5 30. Ne2 f5 31. gxf5 exf5 32. Rh4 Rb7 33.
a4 Nd6 34. axb5 Nxb5 35. c4 Nd6 36. Kc2 Ne4 37. Nf4 Kd4 38. b3 Ke3 39. Nd5+ Kd4
40. Rf4 Ke5 41. Rf1 Nd6 42. Nf4 Ne4 43. Nd3+ Kf6 44. Ra1 Kg5 45. b4 Kh4 46. c5
Kxh3 47. c6 Rc7 48. Rh1+ Kg2 49. Rh6 Kg3 50. b5 f4 51. b6 Rf7 52. c7 Rf8 53. b7
1-0

[Event "4NCL Online Division 3"]
[Site "online"]
[Date "2020.10.20"]
[Round "5.102"]
[White "Lawson, David"]
[Black "Turner, Howard"]
[Result "1/2-1/2"]
[WhiteElo "1765"]
[BlackElo "1930"]
[PlyCount "132"]
[EventDate "2020.10.20"]
[WhiteTeam "CSC 4"]
[BlackTeam "Catford Cosmonauts 2"]

1. d4 Nf6 2. c4 g6 3. Nf3 Bg7 4. Nc3 d5 5. e3 O-O 6. cxd5 Nxd5 7. Bc4 Nxc3 8.
bxc3 c5 9. O-O Qc7 10. Be2 Rd8 11. Ba3 b6 12. Rc1 Bb7 13. Qc2 e6 14. Rfd1 Nd7
15. Bb2 Nf6 16. c4 Qc6 17. Bf1 Qe4 18. Bd3 Qg4 19. h3 Qh5 20. Ne5 Nd7 21. Be2
Qg5 22. Nf3 Qf5 23. Qxf5 gxf5 24. Rc2 cxd4 25. exd4 Rac8 26. Ba3 Be4 27. Bd3
Bxd3 28. Rxd3 Ne5 29. Nxe5 Bxe5 30. Rcd2 Bf4 31. Rd1 Rxc4 32. g3 Bd6 33. Bc1
Rc2 34. Bg5 Rd7 35. Bf6 Rxa2 36. Rc1 Rc7 37. Rxc7 Bxc7 38. Rc3 Bd6 39. Rc8+ Bf8
40. Be7 Kg7 41. Bxf8+ Kg6 42. Be7 f6 43. Rf8 Re2 44. Bxf6 a5 45. Be5 b5 46. Rb8
b4 47. Bc7 Ra2 48. Bxa5 Rxa5 49. Rxb4 Rd5 50. f4 h5 51. Kf2 Rd6 52. Kf3 Ra6 53.
Rb3 Ra4 54. Rd3 Ra5 55. g4 hxg4+ 56. hxg4 fxg4+ 57. Kxg4 Kf6 58. Kf3 Kf5 59.
Re3 Ra1 60. Re5+ Kf6 61. Ke4 Re1+ 62. Kd3 Rd1+ 63. Kc4 Rc1+ 64. Kb5 Rf1 65. d5
exd5 66. Rxd5 Rxf4 1/2-1/2

[Event "4NCL Online Division 3"]
[Site "online"]
[Date "2020.10.20"]
[Round "5.103"]
[White "Alvares, Owen"]
[Black "Mason, Ian"]
[Result "0-1"]
[WhiteElo "1810"]
[BlackElo "1772"]
[PlyCount "77"]
[EventDate "2020.10.20"]
[WhiteTeam "Catford Cosmonauts 2"]
[BlackTeam "CSC 4"]

1. e4 c5 2. Nf3 Nc6 3. c4 d6 4. d3 g6 5. Bd2 Bg7 6. Bc3 Nf6 7. Be2 O-O 8. a3 a5
9. Qd2 a4 10. O-O Bd7 11. Qc2 Qc7 12. Bd2 Nd4 13. Nxd4 cxd4 14. Bb4 e5 15. Nd2
Rfc8 16. Qd1 Ra6 17. Rc1 Bh6 18. h3 Bf4 19. Bg4 Bxg4 20. hxg4 Qd7 21. g3 Bxd2
22. Qxd2 Qxg4 23. Kg2 Nh5 24. Rh1 Nf4+ 25. Kf1 Qf3 26. Rh2 Qxd3+ 27. Qxd3 Nxd3
28. Rc2 Nxb4 29. axb4 Rac6 30. f4 Rxc4 31. Rxc4 Rxc4 32. fxe5 dxe5 33. Rd2 Rxb4
34. Ke2 Rb3 35. Kf2 b5 36. g4 h6 37. Rc2 Kg7 38. Ke2 d3+ 39. Kd2 0-1

[Event "4NCL Online Division 3"]
[Site "online"]
[Date "2020.10.20"]
[Round "5.104"]
[White "Usher, Michael E"]
[Black "Stewart, Martin"]
[Result "0-1"]
[WhiteElo "1677"]
[BlackElo "1840"]
[PlyCount "96"]
[EventDate "2020.10.20"]
[WhiteTeam "CSC 4"]
[BlackTeam "Catford Cosmonauts 2"]

1. d4 Nf6 2. Nc3 d5 3. Bf4 g6 4. Qd2 Bg7 5. h4 h5 6. Nf3 Nc6 7. Nb5 Ne4 8.
Nxc7+ Qxc7 9. Bxc7 Nxd2 10. Kxd2 Nxd4 11. c3 Nxf3+ 12. exf3 O-O 13. Re1 Be6 14.
Bd3 Rac8 15. Bf4 d4 16. cxd4 Bxd4 17. Be5 Bxe5 18. Rxe5 Rfd8 19. Ke2 Rd5 20.
Rxd5 Bxd5 21. b3 Kg7 22. Rd1 e6 23. Be4 Bxe4 24. fxe4 Rc2+ 25. Rd2 Rxd2+ 26.
Kxd2 Kf6 27. f4 e5 28. g3 exf4 29. gxf4 Ke6 30. Kc3 f6 31. Kd3 g5 32. hxg5 fxg5
33. fxg5 Kf7 34. Ke3 Kg6 35. Kf4 b5 36. b4 h4 37. e5 h3 38. Kg3 Kxg5 39. e6 Kf6
40. e7 Kxe7 41. Kxh3 Ke6 42. Kg3 Kd5 43. Kf3 Kc4 44. Ke4 Kxb4 45. Kd4 Ka3 46.
Kc5 a6 47. Kb6 Kxa2 48. Kc5 Kb3 0-1

[Event "4NCL Online Division 3"]
[Site "online"]
[Date "2020.10.20"]
[Round "5.111"]
[White "Deary, Daniel"]
[Black "Chaplin, Peter E"]
[Result "1/2-1/2"]
[WhiteElo "1833"]
[BlackElo "2020"]
[PlyCount "105"]
[EventDate "2020.10.20"]
[WhiteTeam "Alba Bon Accord 2"]
[BlackTeam "Clevedon"]

1. d4 Nf6 2. c4 e5 3. dxe5 Ne4 4. Nd2 Nc5 5. Ngf3 Nc6 6. b3 d6 7. Bb2 Qe7 8. a3
Nxe5 9. Nxe5 dxe5 10. b4 Nd7 11. g3 g6 12. Bg2 Bg7 13. O-O O-O 14. c5 Nf6 15.
Nc4 e4 16. Qc2 Re8 17. Rad1 Bf5 18. Ne3 Qe6 19. Nxf5 Qxf5 20. c6 b6 21. Bxf6
Bxf6 22. Rd7 Re7 23. Rfd1 Rae8 24. e3 Qe6 25. b5 Bg7 26. Bf1 Qe5 27. Qa4 Rxd7
28. cxd7 Rd8 29. Qxa7 Bf8 30. Qb7 Bd6 31. Bc4 Kg7 32. Rd4 f5 33. a4 Qe7 34. a5
bxa5 35. b6 cxb6 36. Qc6 Qxd7 37. Qxb6 Qc7 38. Qb5 Bb4 39. Rd5 Rxd5 40. Qxd5
Qd6 41. Qd4+ Qf6 42. Qd1 Qc3 43. Qd7+ Kh6 44. Bg8 Qg7 45. Qd8 Be7 46. Qb8 Qa1+
47. Kg2 Qd1 48. Qf4+ Bg5 49. Qc7 Qf3+ 50. Kg1 Qd1+ 51. Kg2 Qf3+ 52. Kf1 Qd1+
53. Kg2 1/2-1/2

[Event "4NCL Online Division 3"]
[Site "online"]
[Date "2020.10.20"]
[Round "5.112"]
[White "Iles, Stuart P"]
[Black "Mitchell, Jeremy J"]
[Result "0-1"]
[WhiteElo "1802"]
[BlackElo "1872"]
[PlyCount "80"]
[EventDate "2020.10.20"]
[WhiteTeam "Clevedon"]
[BlackTeam "Alba Bon Accord 2"]

1. b4 e5 2. a3 d5 3. Bb2 Bd6 4. e3 Nf6 5. Nf3 Qe7 6. Be2 O-O 7. O-O Re8 8. d3
Bg4 9. Nbd2 Nbd7 10. c4 c6 11. Rc1 e4 12. dxe4 dxe4 13. Nd4 Bxe2 14. Qxe2 Be5
15. Nf5 Qe6 16. Bxe5 Nxe5 17. Ng3 Ned7 18. c5 a5 19. Rc4 axb4 20. axb4 Ra2 21.
Rd4 g6 22. Rd1 Rb2 23. Qe1 Nf8 24. Ndxe4 Nxe4 25. Rxe4 Qc8 26. Qc3 Ra2 27. Red4
Qe6 28. Re4 Qc8 29. Rxe8 Qxe8 30. Qf6 Ra8 31. Qd4 Ne6 32. Qe5 Rd8 33. Rd6 Nc7
34. Qd4 Ne6 35. Rxe6 fxe6 36. Qa1 Qd7 37. Nf1 Kf7 38. g3 Qd3 39. Qa7 Qb5 40.
Qa3 Rd1 0-1

[Event "4NCL Online Division 3"]
[Site "online"]
[Date "2020.10.20"]
[Round "5.113"]
[White "Brennan, J Ross"]
[Black "Lintern, Jack"]
[Result "0-1"]
[WhiteElo "1634"]
[BlackElo "1800"]
[PlyCount "80"]
[EventDate "2020.10.20"]
[WhiteTeam "Alba Bon Accord 2"]
[BlackTeam "Clevedon"]

1. d4 Nf6 2. Bg5 d5 3. Nf3 e6 4. c4 dxc4 5. Nc3 Bb4 6. e3 b5 7. a4 c6 8. Be2
O-O 9. O-O Bb7 10. axb5 cxb5 11. Nxb5 Nbd7 12. Qa4 a5 13. Nc3 h6 14. Bh4 g5 15.
Bg3 Nh5 16. Bxc4 Nb6 17. Qb3 Nxc4 18. Qxc4 Nxg3 19. hxg3 Ba6 20. Qb3 Bxf1 21.
Kxf1 Qc7 22. Nd2 h5 23. Nde4 h4 24. gxh4 Qh2 25. Qd1 Qxh4 26. Ke2 Bxc3 27. Nxc3
Rab8 28. Rxa5 Rxb2+ 29. Kd3 f5 30. Re5 Qxf2 31. Rxe6 Qxg2 32. Re5 g4 33. Ne2
Ra8 34. Nf4 Ra3+ 35. Kc4 Qc6+ 36. Rc5 Qa6+ 37. Kd5 Rb5 38. Nd3 Rxd3 39. Qxd3
Rxc5+ 40. dxc5 Qxd3+ 0-1

[Event "4NCL Online Division 3"]
[Site "online"]
[Date "2020.10.20"]
[Round "5.114"]
[White "Chindelevitch, Leonid"]
[Black "McLeod, Alisdair"]
[Result "0-1"]
[WhiteElo "1810"]
[BlackElo "1531"]
[PlyCount "64"]
[EventDate "2020.10.20"]
[WhiteTeam "Clevedon"]
[BlackTeam "Alba Bon Accord 2"]

1. e4 d5 2. exd5 Nf6 3. d4 e6 4. Bb5+ Bd7 5. Bxd7+ Qxd7 6. dxe6 fxe6 7. Nf3 Nc6
8. O-O O-O-O 9. Be3 Bd6 10. Nc3 a6 11. a4 h6 12. Nb5 axb5 13. axb5 Nb8 14. c4
Ng4 15. Bd2 Nxh2 16. Nxh2 Bxh2+ 17. Kxh2 Qxd4 18. Qe2 Qxd2 19. Qxe6+ Qd7 20.
Qe3 Rhe8 21. Qb3 Qd3 22. Qa4 Re4 23. b3 Rh4+ 24. Kg1 Qd6 25. g3 Rg4 26. Kg2 Qe5
27. Rfe1 Rxg3+ 28. fxg3 Rd2+ 29. Kf3 Qf5+ 30. Ke3 Qf2+ 31. Ke4 Rd4+ 32. Ke5
Qf6# 0-1